• 首页
  • 本馆介绍
  • 公告通知
  • 最新文献
  • 馆藏检索
  • 电子资源
  • 读者导购
  • 参考咨询
  • 我的图书馆
  • 登录
  • 详细信息显示
  • 放入我的书架
  • 预约/预借图书
  • 作者相关作品
  • 分类相关作品
  • 丛书相关作品
  • 出版社相关作品

书目信息

  • 表格格式
  • 工作单格式
  • 卡片格式
题名:
溶液的纯化
    
 
作者: 里奇 著 ;苏玉光 译
分册:  
出版信息: 北京   原子能出版社  1977
页数: 76页
开本: 19cm
丛书名:
单 册:
中图分类: TL241
科图分类:
主题词: 高纯物质-离子交换法-提纯 , 提纯-高纯物质-离子交换法 , 高纯物质-萃取-提纯 , 提纯-高纯物质-萃取 , 离子交换法-提纯-高纯物质 , 萃取-提纯-高纯物质
电子资源:
ISBN:
000 00858nam0 2200301 45
001 0177002818
005 20061123103442.62
010    @dCNY0.27
091    @a15175.091
100    @a19951018d1977 em y0chiy0121 ea
101 1  @achi@ceng
102    @aCN@b110000
105    @ay z 000yy
200 10 @a溶液的纯化@Arong ye de chun hua@e离子交换法或溶剂萃取法@f(加)里奇著@F(jia)li qi zhu@g苏玉光译
210    @a北京@c原子能出版社@d1977
215    @a76页@d19cm
606    @a高纯物质-离子交换法-提纯
606    @a提纯-高纯物质-离子交换法
606    @a高纯物质-萃取-提纯
606    @a提纯-高纯物质-萃取
606    @a离子交换法-提纯-高纯物质
606    @a萃取-提纯-高纯物质
690    @aTL241@v3
701  0 @a里奇@Ali qi@4著
702  0 @a苏玉光@Asu yu guang@4译
801  2 @aCN@bNLC@c20061123
801  0 @aCN@bTSSF
905    @a10447@dTL241@e8
    
    溶液的纯化:离子交换法或溶剂萃取法/(加)里奇著/苏玉光译.-北京:原子能出版社,1977
    76页;19cm
    
    
    ISBN :CNY0.27
    
●
相关链接 在E读中查询图书 在五车中查询图书 在当当中查询图书 在豆瓣中查询图书


正题名:溶液的纯化     索取号:TL241/8         预约/预借

序号 登录号 条形码 馆藏地/架位号 状态 备注
1 0017911   001366854   第二样本阅览室/ [索取号:TL241/8] 在馆    
唐山师范学院图书馆 欢迎您!
大连网信软件有限公司© 版权所有